000 00847nam a2200253Ia 4500
003 OSt
005 20220923223148.0
006 a|||||r|||| 00| 0
007 ta
008 220922b |||||||| |||| 00| 0 hin d
024 _a211,471
037 _cTextual
040 _aARTS
_cARTS
_bhin
041 _2hin
_ahin
082 _aO152,3N3713,KK, L3
100 _aअधीर, वीरकुमार
_9156272
245 0 _aकाहे को ब्याही बिदेस
246 _aKāhe ko byāhī bidesa
260 _aदिल्ली
_b प्रेम प्रकाशन मंदिर
_c1973
300 _a207पृ.
_ccm.
650 _aहिन्दी साहित्य
_9156264
942 _hO152,3N3713,KK, L3
_cTEXL
_2CC
999 _c361746
_d361746